MARC

LEADER 00000nam0a2200000 4500
001 131233
005 20260128163247.0
035 |a (RuTPU)RU\TPU\book\142130 
090 |a 131233 
100 |a 20080214d1986 m y0rusy5003 ca 
101 0 |a rus 
102 |a RU 
105 |a a z 000ay 
200 1 |a Золотая цепь; Дорога никуда  |f А. С. Грин  |g авт. предисл. К. Паустовский ; худож. А. В. Вохмин 
210 |a Свердловск  |c Изд-во Урал. ун-та  |d 1986 
215 |a 398 с.  |c ил.  |d 21 см 
606 |a Русская литература современная  |9 50316 
610 1 |a советская литература 
610 1 |a повести 
610 1 |a романы 
675 |a Р2  |v 4 
700 1 |a Грин  |b А. С.  |c русский писатель  |c Гриневский - настоящая фамилия  |f 1880-1932  |g Александр Степанович  |3 (RuTPU)RU\TPU\pers\1336  |9 598 
702 1 |a Паустовский  |b К.  |4 080 
702 1 |a Вохмин  |b А. В.  |4 440 
702 1 |a Паустовский  |b К. Г.  |c русский писатель  |f 1892-1968  |g Константин Георгиевич  |3 (RuTPU)RU\TPU\pers\8202  |9 1599 
801 0 |a RU  |b RuMRKP  |c 19950417  |g psbo 
801 1 |a RU  |b 63413507  |c 20080214  |g PSBO 
801 2 |a RU  |b 63413507  |c 20170403  |g PSBO 
942 |c BK